|
|
|
|
| LEADER |
03006nam a2200757 4500 |
| 001 |
ocn910664468 |
| 003 |
OCoLC |
| 005 |
20170124072114.6 |
| 006 |
m o a |
| 007 |
cr ||||||||||| |
| 008 |
150602s2014 enk obf 001 0 eng |
| 010 |
|
|
|a 2015299082
|
| 040 |
|
|
|a DLC
|b eng
|e rda
|e pn
|c DLC
|d NMC
|d E7B
|d COO
|d DG1
|d CUS
|d YDXCP
|d OCLCF
|d NLGGC
|d VLB
|d EBLCP
|d NKT
|d OCLCQ
|d OCLCO
|d OCL
|d DG1
|d GrThAP
|
| 019 |
|
|
|a 870264829
|a 884543935
|a 961629365
|a 962642246
|
| 020 |
|
|
|a 9781118778821
|q (epub)
|
| 020 |
|
|
|a 1118778820
|q (epub)
|
| 020 |
|
|
|a 9781118778661
|q (epdf)
|
| 020 |
|
|
|a 1118778669
|q (epdf)
|
| 020 |
|
|
|a 9781118778838
|q (emobi)
|
| 020 |
|
|
|a 1118778839
|q (emobi)
|
| 020 |
|
|
|a 0470673141
|
| 020 |
|
|
|a 9780470673140
|
| 020 |
|
|
|a 9781118898536
|q (electronic bk.)
|
| 020 |
|
|
|a 1118898532
|q (electronic bk.)
|
| 020 |
|
|
|z 9780470673140
|q (pbk. ;
|q alk. paper)
|
| 024 |
7 |
|
|a 10.1002/9781118898536
|2 doi
|
| 029 |
1 |
|
|a GBVCP
|b 790211769
|
| 029 |
1 |
|
|a NZ1
|b 15495732
|
| 035 |
|
|
|a (OCoLC)910664468
|z (OCoLC)870264829
|z (OCoLC)884543935
|z (OCoLC)961629365
|z (OCoLC)962642246
|
| 042 |
|
|
|a pcc
|
| 050 |
0 |
0 |
|a RJ446
|
| 060 |
1 |
0 |
|a WS 39
|
| 082 |
0 |
0 |
|a 618.92/33
|2 23
|
| 049 |
|
|
|a MAIN
|
| 100 |
1 |
|
|a Kelly, Deirdre A.,
|e author.
|
| 245 |
1 |
0 |
|a Practical approach to paediatric gastroenterology, hepatology, and nutrition /
|c Deirdre Kelly, Ronald Bremner, Jane Hartley, Diana Flynn.
|
| 246 |
3 |
|
|a Practical approach to pediatric gastroenterology, hepatology, and nutrition
|
| 264 |
|
1 |
|a Chichester, West Sussex, UK :
|b Wiley Blackwell,
|c 2014.
|
| 300 |
|
|
|a 1 online resource.
|
| 336 |
|
|
|a text
|b txt
|2 rdacontent
|
| 337 |
|
|
|a computer
|b c
|2 rdamedia
|
| 338 |
|
|
|a online resource
|b cr
|2 rdacarrier
|
| 504 |
|
|
|a Includes bibliographical references and index.
|
| 505 |
0 |
|
|a Gastroenterology -- Hepatology -- Nutrition.
|
| 588 |
0 |
|
|a Print version record.
|
| 650 |
|
0 |
|a Gastrointestinal system
|x Diseases.
|
| 650 |
|
0 |
|a Children
|x Diseases
|x Nutritional aspects.
|
| 650 |
|
0 |
|a Nutrition disorders in infants.
|
| 650 |
|
2 |
|a Gastrointestinal Diseases.
|
| 650 |
|
2 |
|a Child Nutrition Disorders.
|
| 650 |
|
2 |
|a Child.
|
| 650 |
|
2 |
|a Infant Nutrition Disorders.
|
| 650 |
|
2 |
|a Infant.
|
| 650 |
|
2 |
|a Liver Diseases.
|
| 650 |
|
7 |
|a Children
|x Diseases
|x Nutritional aspects.
|2 fast
|0 (OCoLC)fst00854918
|
| 650 |
|
7 |
|a Gastrointestinal system
|x Diseases.
|2 fast
|0 (OCoLC)fst00938871
|
| 650 |
|
7 |
|a Nutrition disorders in infants.
|2 fast
|0 (OCoLC)fst01042290
|
| 655 |
|
2 |
|a Handbooks.
|
| 655 |
|
4 |
|a Electronic books.
|
| 655 |
|
0 |
|a Electronic books.
|
| 700 |
1 |
|
|a Hartley, Jane,
|e author.
|
| 700 |
1 |
|
|a Flynn, Diana,
|e author.
|
| 700 |
1 |
|
|a Bremner, Ronald,
|e author.
|
| 776 |
0 |
8 |
|i Print version:
|a Kelly, Deirdre A.
|t Practical approach to paediatric gastroenterology, hepatology, and nutrition.
|d Chichester, West Sussex, UK : John Wiley & Sons Limited, 2014
|z 9780470673140
|w (DLC) 2013024997
|
| 856 |
4 |
0 |
|u https://doi.org/10.1002/9781118898536
|z Full Text via HEAL-Link
|
| 994 |
|
|
|a 92
|b DG1
|